000 00584nam a2200181 i 4500
001 bg
100 1 _aDZIUBKO, Ilja S.
245 0 _aSystem polityczny społeczeństwa socjalistycznego /
_cIlia S. Dziubko, Józef B. Wołoch.
260 _aWrocław,
_c1979.
490 1 _aPrace Naukowe Instytutu Nauk Społecznych Politechniki Wrocławskiej ;
_v18
700 1 _aWOŁOCH, Józef B.
830 _aPrace Naukowe Instytutu Nauk Społecznych Politechniki Wrocławskiej ;
040 _cBPK
041 _apol
080 _a32
942 _cKS
008 s pl f |000 0 pol
999 _c9868
_d9868
856 _uhttp://koha.tu.koszalin.pl/cgi-bin/koha/opac-detail.pl?biblionumber=9868
_yKatalog online BPK